Wszystkie ulice na Jęzorze - Sosnowiec - Statystyki

Ogólne statystyki
  • Ten quiz został rozwiązany 25 razy
  • Średni wynik to 6 z 10
Statystyki odpowiedzi
Odpowiedź % Poprawnych
Plażowa
86%
Jaworznicka
71%
Orląt Lwowskich
71%
Starowiejska
71%
Zawodzie
71%
Budowlana
50%
Mostowa
43%
Stacja Jęzor
43%
Zagaje
43%
Łabędzia
29%
Nie znaleziono quizów pasujących do podanych kryteriów
Rozkład punktacji
Procent ludzi z każdym wynikiem
Percentyl według liczby udzielonych odpowiedzi
Twoja historia wyników
Nie rozwiązałeś tego quizu